Principios de Fonología / (Record no. 146954)

MARC details
000 -LEADER
campo de control de longitud fija 00595nam a2200181 i 4500
001 - NÚMERO DE CONTROL
campo de control 146954
003 - IDENTIFICADOR DE NÚMERO DE CONTROL
campo de control ES-MaACL
005 - FECHA Y HORA DE LA ÚLTIMA TRANSACCIÓN
campo de control 20230906201739.0
007 - CAMPO FIJO DE DESCRIPCIÓN FÍSICA--INFORMACIÓN GENERAL
campo de control de longitud fija t|
008 - DATOS DE LONGITUD FIJA--INFORMACIÓN GENERAL
campo de control de longitud fija 070919s1973 sp ||||1| spa d
100 1# - ENTRADA PRINCIPAL--NOMBRE DE PERSONA
Nombre de persona Trubetzkoy, N. S.
9 (RLIN) 111535
245 10 - MENCIÓN DEL TÍTULO
Título Principios de Fonología /
Mención de responsabilidad, etc. N.S. Trubetzkoy ; [traducción de Delia García Giordano con la colaboración de Luis J. Prieto].
260 ## - PUBLICACIÓN, DISTRIBUCIÓN, ETC.
Lugar de publicación, distribución, etc. Madrid :
Nombre del editor, distribuidor, etc. Cincel,
Fecha de publicación, distribución, etc. [1973]
300 ## - DESCRIPCIÓN FÍSICA
Extensión XXVII, 271 p. ;
Dimensiones 23 cm.
700 1# - ENTRADA AGREGADA--NOMBRE PERSONAL
Nombre de persona García Giordano, Delia.
9 (RLIN) 54685
700 1# - ENTRADA AGREGADA--NOMBRE PERSONAL
Nombre de persona Prieto, Luis J.
9 (RLIN) 93898
852 ## - LOCALIZACIÓN
Ubicación ES-MaACL
Número de control de estantería C-55202
Sublocalización o colección R.87957
Holdings
Estatus retirado Estado de pérdida Estado de daño No para préstamo Biblioteca de origen Biblioteca actual Ubicación en estantería Fecha de adquisición Fuente de adquisición Total de préstamos Signatura topográfica completa Código de barras Visto por última vez Precio de reemplazo Tipo de ítem Koha
        Biblioteca del Ateneo de Madrid Biblioteca del Ateneo de Madrid Depósito 2 17/01/2008     C-55202 1153366 23/02/2023 23/02/2023 Libro impreso